| 000 | 00528nab a2200145Ia 4500 | ||
|---|---|---|---|
| 003 | ES-SlBCS | ||
| 005 | 20210601131306.0 | ||
| 008 | 140529s2003 xxu||||| |||| 00| 0 fre d | ||
| 041 | _afre | ||
| 100 | 1 |
_aSchmidt, Günter R. _9139121 |
|
| 245 | 0 | 0 |
_aDans quelle mesure l'Europe est-elle chrétienne? Valeurs chrétiennes et identité européenne _c Günter R. Schmidt |
| 651 | 4 |
_aEuropa-Valores Cristianos _9183160 |
|
| 773 | 0 |
_tRevue D'histoire et de Philosophie Religieuses _gvol. 83, 2003, págs. 187-208 _wRev885 |
|
| 942 | _cAR | ||
| 999 |
_c560796 _d560796 |
||